Conservation Professional Practice Principles (Record no. 116135)

MARC details
000 -LEADER
fixed length control field 01254cad a22002295a 4500
001 - CONTROL NUMBER
control field L159849
008 - FIXED-LENGTH DATA ELEMENTS--GENERAL INFORMATION
fixed length control field 081017s2017 xxko f 000 0 eng d
035 ## - SYSTEM CONTROL NUMBER
System control number (Sirsi) u159849
041 0# - LANGUAGE CODE
Language code of text/sound track or separate title eng
050 04 - LIBRARY OF CONGRESS CALL NUMBER
Classification number 690.241 $2 18
110 2# - MAIN ENTRY--CORPORATE NAME
Corporate name or jurisdiction name as entry element Institute of Historic Building Conservation
9 (RLIN) 3725
245 00 - TITLE STATEMENT
Title Conservation Professional Practice Principles
Medium [electronic resource]
260 ## - PUBLICATION, DISTRIBUTION, ETC.
-- S.l.]
Name of publisher, distributor, etc. IHBC
Date of publication, distribution, etc. 2017
520 ## - SUMMARY, ETC.
Summary, etc. Provides an overview of built and historic environment practice for conservation professionals across the United Kingdom. It has been developed to raise awareness of the skills and specialisms necessary to properly manage, conserve and develop historic places and buildings. It recognises international, national and devolved UK legislation, policy and statements, and how they operate in practice
590 ## - LOCAL NOTE (RLIN)
Local note KA
651 #4 - SUBJECT ADDED ENTRY--GEOGRAPHIC NAME
Geographic name United Kingdom
Chronological subdivision
690 ## - LOCAL SUBJECT ADDED ENTRY--TOPICAL TERM (OCLC, RLIN)
Topical term or geographic name as entry element BUILT ENVIRONMENT-BUILDING MAINTENANCE AND REFURBISHMENT-BUILDING CONSERVATION
710 1# - ADDED ENTRY--CORPORATE NAME
Corporate name or jurisdiction name as entry element Civic Voice
710 1# - ADDED ENTRY--CORPORATE NAME
Corporate name or jurisdiction name as entry element Historic Towns and Villages Forum
856 40 - ELECTRONIC LOCATION AND ACCESS
Uniform Resource Identifier <a href="https://ihbconline.co.uk/newsachive/wp-content/uploads/2017/06/Conservation-Professional-Practice-Principles_A5-FINAL-May-2017.pdf">https://ihbconline.co.uk/newsachive/wp-content/uploads/2017/06/Conservation-Professional-Practice-Principles_A5-FINAL-May-2017.pdf</a>
Public note View the item free of charge at ihbconline.co.uk...
942 ## - ADDED ENTRY ELEMENTS (KOHA)
Suppress in OPAC 0
Holdings
Withdrawn status Lost status Source of classification or shelving scheme Damaged status Not for loan Home library Current library Shelving location Date acquired Total Checkouts Full call number Barcode Date last seen Copy number Price effective from Koha item type
    Dewey Decimal Classification     Virtual Virtual Online 13/03/2018   ONLINE PUBLICATION 159849-2001 06/08/2019 1 06/08/2019 Book